000 00472nmm a2200169Ia 4500
008 251105s9999||||xx |||||||||||||||||und||
020 _a9788446039372
041 _aspa
100 _aDavis, Mike
245 0 _aPlaneta de ciudades miseria
264 _a[Madrid, España] :
_bAkal,
_c2014
300 _a272 páginas
490 _aPensamiento crítico
650 _aPolitical Science (General)
856 _uhttps://public.digitaliapublishing.com/a/37651
942 _cCF
999 _c82976
_d82976